000 00528nam a2200181 a 4500
001 000045935
005 20201002052531.0
008 150602s2015 dr ab 000 0 spa d
020 _a9789945590173
040 _aDO-SdBNP
_bspa
_cBNPHU
082 _axxxx
_bxxxx
245 0 0 _aStrategic alliance Dominican Republic-Florida.
250 _a2a ed.
260 _aSanto Domingo :
_bFundación Global Democracia y Desarrollo,
_c2015.
300 _a102 p. :
_bil., mapas ;
_c23 cm.
490 1 _aEconomics
830 0 _aEconomics
_974008
999 _c45424
_d45424